<?xml version="1.0" encoding="UTF-8"?>
<record
    xmlns:xsi="http://www.w3.org/2001/XMLSchema-instance"
    xsi:schemaLocation="http://www.loc.gov/MARC21/slim http://www.loc.gov/standards/marcxml/schema/MARC21slim.xsd"
    xmlns="http://www.loc.gov/MARC21/slim">

  <leader>01715nam a2200289 a 4500</leader>
  <controlfield tag="001">000043690</controlfield>
  <controlfield tag="003">DO-SdBNP</controlfield>
  <controlfield tag="005">20230308115615.0</controlfield>
  <controlfield tag="007">ta</controlfield>
  <controlfield tag="008">140403s2008    dr            000 0 spa d</controlfield>
  <datafield tag="040" ind1=" " ind2=" ">
    <subfield code="a">DO-SdBNP</subfield>
    <subfield code="b">spa</subfield>
    <subfield code="c">BNPHU</subfield>
  </datafield>
  <datafield tag="082" ind1=" " ind2="4">
    <subfield code="a">346.015</subfield>
    <subfield code="b">S471i</subfield>
    <subfield code="2">22</subfield>
  </datafield>
  <datafield tag="111" ind1="2" ind2=" ">
    <subfield code="a">Seminario Internacional "Por un C&#xF3;digo de Familia Inclusivo"</subfield>
    <subfield code="d">(2005 :</subfield>
    <subfield code="c">Santo Domingo, Rep&#xFA;blica Dominicana).</subfield>
    <subfield code="9">71512</subfield>
  </datafield>
  <datafield tag="245" ind1="1" ind2="0">
    <subfield code="a">Seminarios internacionales :</subfield>
    <subfield code="b">Por un c&#xF3;digo de familia inclusivo ; Hacia un sistema nacional de atenci&#xF3;n integral a familias /</subfield>
    <subfield code="c">coordinadores , Margarita Cede&#xF1;o de Fern&#xE1;ndez ; Alejandro Moscoso Segarra ; compilaci&#xF3;n Rosa Fern&#xE1;ndez</subfield>
  </datafield>
  <datafield tag="246" ind1=" " ind2=" ">
    <subfield code="a">Por un c&#xF3;digo de familia inclusivo</subfield>
  </datafield>
  <datafield tag="246" ind1=" " ind2=" ">
    <subfield code="a"> Hacia un sistema nacional de atenci&#xF3;n integral a familias </subfield>
  </datafield>
  <datafield tag="260" ind1=" " ind2=" ">
    <subfield code="a">Santo Domingo :</subfield>
    <subfield code="b">Despacho de la Primera Dama de la Rep&#xFA;blica Dominicana ; Comisionado de Apoyo a la Reforma y Modernizaci&#xF3;n de la Justicia, </subfield>
    <subfield code="c">2008.</subfield>
  </datafield>
  <datafield tag="300" ind1=" " ind2=" ">
    <subfield code="a">126 p. ;</subfield>
    <subfield code="c">23 cm.</subfield>
  </datafield>
  <datafield tag="505" ind1="0" ind2=" ">
    <subfield code="a">Presentaci&#xF3;n --</subfield>
    <subfield code="t">Discursos actos inagurales --</subfield>
    <subfield code="t">La aplicaci&#xF3;n del enfoque de g&#xE9;nero en las leyes --</subfield>
    <subfield code="t">Experiencias internacionales en legislaciones y pol&#xED;ticas p&#xFA;blicas inclusivas</subfield>
    <subfield code="t">Experiencias en Latinoam&#xE9;rica de atenci&#xF3;n integral a familias --</subfield>
    <subfield code="t">Conclusiones y recomendaciones.</subfield>
  </datafield>
  <datafield tag="590" ind1=" " ind2=" ">
    <subfield code="a">Inventariado, 2019/VM</subfield>
  </datafield>
  <datafield tag="650" ind1=" " ind2="4">
    <subfield code="a">Derecho de familia</subfield>
    <subfield code="v">Congresos, conferencias, etc.</subfield>
    <subfield code="9">81535</subfield>
  </datafield>
  <datafield tag="650" ind1=" " ind2="4">
    <subfield code="a">Familia </subfield>
    <subfield code="x">Legislaci&#xF3;n </subfield>
    <subfield code="v">Congresos, conferencias, etc.</subfield>
    <subfield code="9">81536</subfield>
  </datafield>
  <datafield tag="700" ind1="1" ind2=" ">
    <subfield code="a">Cede&#xF1;o de Fern&#xE1;ndez, Margarita</subfield>
    <subfield code="t">coord.</subfield>
    <subfield code="9">71513</subfield>
  </datafield>
  <datafield tag="700" ind1="1" ind2=" ">
    <subfield code="a">Fern&#xE1;ndez, Rosa</subfield>
    <subfield code="9">71514</subfield>
  </datafield>
  <datafield tag="710" ind1="1" ind2=" ">
    <subfield code="a">Rep&#xFA;blica Dominicana.</subfield>
    <subfield code="b">Comisionado de Apoyo a la Reforma y Modernizaci&#xF3;n de la Justicia</subfield>
    <subfield code="9">17179</subfield>
  </datafield>
  <datafield tag="942" ind1=" " ind2=" ">
    <subfield code="2">ddc</subfield>
    <subfield code="c">LBS1</subfield>
  </datafield>
  <datafield tag="952" ind1=" " ind2=" ">
    <subfield code="0">0</subfield>
    <subfield code="1">0</subfield>
    <subfield code="2">ddc</subfield>
    <subfield code="5">3</subfield>
    <subfield code="7">0</subfield>
    <subfield code="8">PD</subfield>
    <subfield code="a">BNPHU</subfield>
    <subfield code="b">BNPHU</subfield>
    <subfield code="c">HD</subfield>
    <subfield code="d">2014-04-03</subfield>
    <subfield code="o">BNPHU PD 346.015 S471i</subfield>
    <subfield code="p">43690-10</subfield>
    <subfield code="r">2020-06-25</subfield>
    <subfield code="w">2020-06-25</subfield>
    <subfield code="y">LBS1</subfield>
  </datafield>
  <datafield tag="952" ind1=" " ind2=" ">
    <subfield code="0">0</subfield>
    <subfield code="1">0</subfield>
    <subfield code="2">ddc</subfield>
    <subfield code="5">3</subfield>
    <subfield code="7">0</subfield>
    <subfield code="8">PD</subfield>
    <subfield code="a">BNPHU</subfield>
    <subfield code="b">BNPHU</subfield>
    <subfield code="c">HD</subfield>
    <subfield code="d">2019-05-28</subfield>
    <subfield code="e">Donaci&#xF3;n</subfield>
    <subfield code="o">BNPHU PD 346.015 S471i</subfield>
    <subfield code="p">43690-20</subfield>
    <subfield code="r">2020-06-25</subfield>
    <subfield code="t">e. 2</subfield>
    <subfield code="w">2020-06-25</subfield>
    <subfield code="y">LBS1</subfield>
    <subfield code="z">Perteneci&#xF3; a la biblioteca personal de Maritza Baez.</subfield>
  </datafield>
  <datafield tag="952" ind1=" " ind2=" ">
    <subfield code="0">0</subfield>
    <subfield code="1">1</subfield>
    <subfield code="2">ddc</subfield>
    <subfield code="5">6</subfield>
    <subfield code="7">0</subfield>
    <subfield code="8">DS</subfield>
    <subfield code="a">BNPHU</subfield>
    <subfield code="b">BNPHU</subfield>
    <subfield code="c">HD</subfield>
    <subfield code="d">2018-07-05</subfield>
    <subfield code="o">BNPHU DS 346.015 S471i</subfield>
    <subfield code="p">2021-25443</subfield>
    <subfield code="r">2021-08-17</subfield>
    <subfield code="t">e.3</subfield>
    <subfield code="w">2021-08-17</subfield>
    <subfield code="y">LBS1</subfield>
  </datafield>
  <datafield tag="952" ind1=" " ind2=" ">
    <subfield code="0">0</subfield>
    <subfield code="1">1</subfield>
    <subfield code="2">ddc</subfield>
    <subfield code="5">6</subfield>
    <subfield code="7">0</subfield>
    <subfield code="8">DS</subfield>
    <subfield code="a">BNPHU</subfield>
    <subfield code="b">BNPHU</subfield>
    <subfield code="c">HD</subfield>
    <subfield code="d">2021-08-17</subfield>
    <subfield code="o">BNPHU DS 346.015 S471i</subfield>
    <subfield code="p">2021-25481</subfield>
    <subfield code="r">2021-08-17</subfield>
    <subfield code="t">e.4</subfield>
    <subfield code="w">2021-08-17</subfield>
    <subfield code="y">LBS1</subfield>
  </datafield>
  <datafield tag="999" ind1=" " ind2=" ">
    <subfield code="c">43179</subfield>
    <subfield code="d">43179</subfield>
  </datafield>
</record>
